| 000 | 00466nam a22001817a 4500 | ||
|---|---|---|---|
| 999 |
_c6972 _d6970 |
||
| 005 | 20210904111631.0 | ||
| 008 | 200610b xxu||||| |||| 00| 0 eng d | ||
| 020 | _a74561793x | ||
| 041 | _aeng | ||
| 082 | _a305.5 CRO | ||
| 100 |
_aCROMPTON ROSEMARY _95698 |
||
| 245 | _aClass and Stratification: An Introduction to Current Debates | ||
| 250 | _a2'nd | ||
| 260 |
_aCAMBRIGE,UK _bPOLITY PRESS _c2004 |
||
| 300 | _a255p. | ||
| 650 |
_aSOCIOLOGY _95692 |
||
| 942 | _cBK | ||